000 00340nam a22001577a 4500
003 SGT
020 _a9788175347601
082 _a346.730954,MEH
100 _aMEHTA,RUPA
245 _aCREDIT CARDS A LEGAL GUIDE
250 _a2ND
260 _aNEW DELHI
_bUNIVERSL LAW
_c2009
300 _a306
650 _aPRIVATE LAW
942 _2ddc
_cBK
999 _c10972
_d10972